000 00465ntaaa2200181 4500
003 01
005 20251027202100.0
008 0714s1973 ag 01
040 _aAR-BaBN
_bspa
_cAR-BaBN
_eaacr
_dRIC
082 _a252.0000 R61
100 _aRodriguez Rivera, J.F.
_919376
245 _aAngel de la bondad
250 _a1 ed.
260 _aEl Paso :
_bCasa Evangélica de Publicaciones,
_c1940
300 _a75 p
650 _asermones radiales
_914618
942 _cBK
999 _c15689
_d15689